Bytový dom

Salvato in:
Dettagli Bibliografici
Autore principale: Véghová, Marianna (Autore)
Altri autori: Binek, Kamil (Relatore della tesi)
Natura: Manoscritto Libro
Lingua:slovacco
Pubblicazione: 2017
Soggetti:
Accesso online:http://is.stuba.sk/zp/portal_zp.pl?podrobnosti=124255
https://opac.crzp.sk/?fn=detailBiblioForm&sid=427371B0090519B8054AD121842E
Tags: Aggiungi Tag
Nessun Tag, puoi essere il primo ad aggiungerne!!

MARC

LEADER 00000ntm a22000003a 4500
001 stuzp59428
003 SK-STU
005 20230720131510.6
007 ta
008 150427s2015----xo-----f-mn---000-0-slo-d
040 |a STU  |b slo 
041 0 |a slo 
100 1 |a Véghová, Marianna  |u 010180  |4 aut  |U SvF Stavebná fakulta  |T SvF Katedra konštrukcií pozemných stavieb  |X 7830  |U V180  |Y 18  |7 7830 
242 0 1 |a Flat house  |y eng 
245 1 0 |a Bytový dom 
260 |c 2017 
650 4 |a moderné bývanie  |2 slo 
650 4 |a novostavba  |2 slo 
650 4 |a bez bariérový byt  |2 slo 
650 4 |a new building  |2 eng 
650 4 |a barrier-free apartment  |2 eng 
650 4 |a modern housing  |2 eng 
700 1 |a Binek, Kamil  |u 010180  |k Z3  |4 ths  |U SvF Stavebná fakulta  |T SvF Katedra konštrukcií pozemných stavieb  |X 57720  |U V180  |Y 18  |7 A000057720 
856 4 |u http://is.stuba.sk/zp/portal_zp.pl?podrobnosti=124255 
856 4 |u https://opac.crzp.sk/?fn=detailBiblioForm&sid=427371B0090519B8054AD121842E